书目信息 |
| 书名: | 水的世界 | |
| 作者: | 杰尔波果利茨著. | |
| 分册号: | ||
| 分册名: | 出版地: | 列宁格勒 : |
|
| 出版社: | 矿藏出版社列宁格勒分社 | |
| 出版时间: | 1979. | |
| 页数: | 252 p. ; | |
| 开本: | 20cm. | |
| 丛书名: | ||
| 中图分类号: | ||
| 科图分类号: | ||
| 其他分类号: | P341 | |
| 主题词: | ||
| 电子资源: | ||
| 000 | 00416nam 2200169 a 4500 | |
| 001 | E0739198202 | |
| 005 | 20070730110119.81 | |
| 008 | 070730s1979 00010 eng | |
| 020 | @cCNY2.25. | |
| 040 | @aPFT@bchi | |
| 041 | @achi@hrus | |
| 090 | @aP341 | |
| 099 | @dP341@ex65 | |
| 245 | 1 | @a水的世界 / @c杰尔波果利茨著. |
| 260 | @a列宁格勒 :@b矿藏出版社列宁格勒分社,@c1979. | |
| 300 | @a252 p. ;@c20cm. | |
| 650 | @a水@x性质 | |
| 水的世界 / / 杰尔波果利茨著.-列宁格勒 : : 矿藏出版社列宁格勒分社, , 1979. |
| 252 p. ; ; 20cm. |
| ISBN CNY2.25. |
| ● |
| 相关链接 |
|
|
|
|
正题名:水的世界
索取号:P341/x65
 
预约/预借
| 序号 | 登录号 | 条形码 | 馆藏地/架位号 | 状态 | 备注 |
| 1 | 49271 | 001303583 | 第二样本阅览室/ [索取号:P341/x65] | 在馆 |